000 01290cam a2200349 a 4500
001 000014511
005 20200929163849.0
008 860205s1986 mx b 000 0 eng
010 _a86070256
020 _a0939680289 (pbk.) :
_c$8.95
040 _aDO-SdBNP
_cDLC
_dDLC
050 0 0 _aJN3971.A98
_bG7232 1986
082 _annn
_bS768g
245 1 0 _aGreen politics /
_crevisión de edición, prólogo, Charlene Spretnak, Fritjof Capra; colaboración de Rudiger Lutz.
250 _aRev. ed.
260 _aSanta Fé :
_bBear,
_cc1986.
300 _axxvi, 255 p. ;
_c22 cm.
500 _aRev. ed. of: Green politics / Fritjof Capra and Charlene Spretnak.
504 _aIncluye referencias bibliográficas
610 2 0 _aGrunen (Political party)
_932771
650 0 _aHuman ecology
_zGermany (West{Rpara}
_932772
650 0 _aWomen's rights
_zGermany (West{Rpara}
_932773
650 0 _aHuman ecology
_zUnited States.
_932774
650 0 _aWomen's rights
_zUnited States.
_932775
650 0 _aPeace.
_929405
650 0 _aGreen movement
_zGermany (West{Rpara}
_932776
700 1 _aCapra, Fritjof.
_eed.
_932777
700 1 _aLutz, Wulf-Rudiger.
_932778
700 1 _aCapra, Fritjof.
_eed.
_tGreen politics.
_932779
910 _aCatalogación por copia / LC
082 0 0 _a324.243/06
_219
999 _c14100
_d14100